000 00634nam a2200193 i 4500
001 27868
003 ES-MaACL
005 20230906153724.0
007 t|
008 030115s1947 sp ||||1| spa d
100 1 _aBabor, Joseph A.
_924423
245 1 0 _aCómo resolver problemas en química física /
_cpor Joseph A. Babor y Garret W. Thiessen ; traducción de Tomás Batuecas.
260 _aBarcelona :
_bManuel Marín,
_c1947 (
_fClarasó)
300 _a227 p. ;
_c20 cm.
650 _aQuímica física-
_vProblemas.
_916635
700 1 _aThiessen, W.
_9109963
700 1 _aBatuecas, Tomás.
_926494
852 _aES-MaACL
_jA-4508
999 _c27868
_d27868